<?xml version="1.0" encoding="UTF-8"?>
<record
    xmlns:xsi="http://www.w3.org/2001/XMLSchema-instance"
    xsi:schemaLocation="http://www.loc.gov/MARC21/slim http://www.loc.gov/standards/marcxml/schema/MARC21slim.xsd"
    xmlns="http://www.loc.gov/MARC21/slim">

  <leader>01229nam a22002657a 4500</leader>
  <controlfield tag="005">20170124103202.0</controlfield>
  <datafield tag="010" ind1=" " ind2=" ">
    <subfield code="a">164375</subfield>
  </datafield>
  <datafield tag="020" ind1=" " ind2=" ">
    <subfield code="c">10.00</subfield>
  </datafield>
  <datafield tag="035" ind1=" " ind2=" ">
    <subfield code="a">164375</subfield>
  </datafield>
  <datafield tag="037" ind1=" " ind2=" ">
    <subfield code="b">Cen Lib/Ret</subfield>
  </datafield>
  <datafield tag="040" ind1=" " ind2=" ">
    <subfield code="a">DPL</subfield>
    <subfield code="b">HN</subfield>
  </datafield>
  <datafield tag="082" ind1=" " ind2=" ">
    <subfield code="a">191</subfield>
    <subfield code="b">&#x92C;&#x94D;&#x932;&#x94C;&#x91C;&#x94B; </subfield>
  </datafield>
  <datafield tag="100" ind1=" " ind2=" ">
    <subfield code="a">&#x92C;&#x94D;&#x932;&#x94C;, &#x91C;&#x94B;&#x938;&#x947;&#x92B; &#x90F;&#x932;.</subfield>
    <subfield code="9">92454</subfield>
  </datafield>
  <datafield tag="245" ind1=" " ind2=" ">
    <subfield code="a">&#x905;&#x92E;&#x93F;&#x930;&#x940;&#x915;&#x940; &#x926;&#x930;&#x94D;&#x936;&#x928; &#x914;&#x930; &#x926;&#x93E;&#x930;&#x94D;&#x936;&#x928;&#x93F;&#x915; /</subfield>
    <subfield code="c">&#x91C;&#x94B;&#x938;&#x947;&#x92B; &#x90F;&#x932;. &#x92C;&#x94D;&#x932;&#x94C; ; &#x905;&#x928;&#x941;&#x935;&#x93E;&#x926;&#x915; &#x930;&#x93E;&#x927;&#x947;&#x936;&#x94D;&#x92F;&#x93E;&#x92E; &#x936;&#x930;&#x94D;&#x92E;&#x93E; </subfield>
  </datafield>
  <datafield tag="246" ind1=" " ind2=" ">
    <subfield code="a">Amiriki darshan aur darshanik /</subfield>
    <subfield code="b">by Josef L. Blow ; anuvadak Radheshyam Sharma </subfield>
  </datafield>
  <datafield tag="260" ind1=" " ind2=" ">
    <subfield code="a">&#x907;&#x932;&#x93E;&#x939;&#x93E;&#x92C;&#x93E;&#x926; </subfield>
    <subfield code="b">&#x932;&#x940;&#x921;&#x930; &#x92A;&#x94D;&#x930;&#x947;&#x938; </subfield>
    <subfield code="c">1952</subfield>
  </datafield>
  <datafield tag="270" ind1=" " ind2=" ">
    <subfield code="b">&#x907;&#x932;&#x93E;&#x939;&#x93E;&#x92C;&#x93E;&#x926; </subfield>
  </datafield>
  <datafield tag="300" ind1=" " ind2=" ">
    <subfield code="a">399&#x92A;&#x943;.</subfield>
    <subfield code="c">20&#x938;&#x947;&#x92E;&#x940;(&#x938;&#x91C;&#x93F;&#x932;&#x94D;&#x926; ) </subfield>
  </datafield>
  <datafield tag="650" ind1=" " ind2=" ">
    <subfield code="a">&#x926;&#x930;&#x94D;&#x936;&#x928;&#x936;&#x93E;&#x938;&#x94D;&#x924;&#x94D;&#x930;--&#x926;&#x93E;&#x930;&#x94D;&#x936;&#x928;&#x93F;&#x915; </subfield>
    <subfield code="x"> </subfield>
    <subfield code="z"> </subfield>
    <subfield code="9">92455</subfield>
  </datafield>
  <datafield tag="650" ind1=" " ind2=" ">
    <subfield code="a">&#x926;&#x930;&#x94D;&#x936;&#x928;&#x936;&#x93E;&#x938;&#x94D;&#x924;&#x94D;&#x930;--&#x926;&#x93E;&#x930;&#x94D;&#x936;&#x928;&#x93F;&#x915; -- &#x905;&#x92E;&#x947;&#x930;&#x93F;&#x915;&#x93E; </subfield>
    <subfield code="9">92456</subfield>
  </datafield>
  <datafield tag="650" ind1=" " ind2=" ">
    <subfield code="a">Philosophy - Philosophy</subfield>
    <subfield code="9">92457</subfield>
  </datafield>
  <datafield tag="650" ind1=" " ind2=" ">
    <subfield code="a">Philosophy - Philosophy - US</subfield>
    <subfield code="9">92458</subfield>
  </datafield>
  <datafield tag="700" ind1=" " ind2=" ">
    <subfield code="a">&#x936;&#x930;&#x94D;&#x92E;&#x93E;, &#x930;&#x93E;&#x927;&#x947;&#x936;&#x94D;&#x92F;&#x93E;&#x92E; </subfield>
    <subfield code="9">92459</subfield>
  </datafield>
  <datafield tag="942" ind1=" " ind2=" ">
    <subfield code="2">ddc</subfield>
    <subfield code="c">HN</subfield>
    <subfield code="h">191</subfield>
    <subfield code="m">&#x92C;&#x94D;&#x932;&#x94C;&#x91C;&#x94B; </subfield>
  </datafield>
  <datafield tag="999" ind1=" " ind2=" ">
    <subfield code="c">120755</subfield>
    <subfield code="d">120755</subfield>
  </datafield>
  <datafield tag="952" ind1=" " ind2=" ">
    <subfield code="0">0</subfield>
    <subfield code="1">0</subfield>
    <subfield code="4">0</subfield>
    <subfield code="7">0</subfield>
    <subfield code="a">L</subfield>
    <subfield code="b">L</subfield>
    <subfield code="d">2015-09-28</subfield>
    <subfield code="e">Cen Lib/Ref</subfield>
    <subfield code="g">10.00</subfield>
    <subfield code="l">1</subfield>
    <subfield code="o">191 &#x92C;&#x94D;&#x932;&#x94C;&#x91C;&#x94B;</subfield>
    <subfield code="p">164375</subfield>
    <subfield code="r">2017-08-03 00:00:00</subfield>
    <subfield code="s">2017-07-22</subfield>
    <subfield code="t">1</subfield>
    <subfield code="v">10.00</subfield>
    <subfield code="w">2015-09-28</subfield>
    <subfield code="y">HN</subfield>
  </datafield>
</record>
